LEADER 01547nam a2200313 i 4500 001 000000350691 003 CaOOAMICUS 005 20220629100641.0 008 220629s2022 gw a u000 u eng u 013 $a237096 020 $a978-3-11-072526-1 040 $aSeMil$bita 100 1 $aFeldman, Ariel,$d<1974- >.$0(OLS)http://semarc/name/78900 245 10$aTefillin and Mezuzot from Qumran :$bnew readings and interpretations /$cAriel Feldman. 264 1$aBerlin ; Boston :$bDe Gruyter,$c2022. 300 $a159 p. :$bill., facs. ;$c24 cm 490 1 $aBeihefte zur Zeitschrift für die alttestamentliche Wissenschaft ;$v538 504 $aBibliographie, p. [143]-150 650 4$aScavi archeologici - Qumran .$0(OLS)http://semarc/subject/52540 650 4$aArtefatti giudaici - Tefillin e Mezuzah.$0(OLS)http://semarc/subject/52539 650 4$aRotuli del Mar Morto .$0(OLS)http://semarc/subject/1827 650 4$aGiudaismo - Oggetti liturgici.$0(OLS)http://semarc/subject/52537 830 0$aBeihefte zur Zeitschrift für die alttestamentliche Wissenschaft ;$v538.$0(OLS)http://semarc/title/294 850 $aSeMil 852 $aSeMil$W1$xVenegono$y1$m2XA Q 538$j233370$B241692$CSeMilBibl$Z2$F241692 $81 996 $6020$a978-3-11-072526-1$9(OLS)http://semarc/number/296165 996 $6245$aTefillin and Mezuzot from Qumran :$bnew readings and interpretations$9(OLS)http://semarc/title/440492 996 $6264$aBerlin ; Boston :$bDe Gruyter$9(OLS)http://semarc/publisher/36449 LEADER 01387nam a2200325 i 4500 001 000000113058 003 CaOOAMICUS 005 20080812000000.0 008 080812s1983 it u000 u ita u 013 $a85742 020 $a88-7001-118-6 040 $aSeMil$bita 100 1 $aBergson, Henri,$d<1859-1941>.$0(OLS)http://semarc/name/24632 240 10$aMatière et mémoire.$0(OLS)http://semarc/title/164984 245 10$aMateria e memoria /$cHenri Bergson ; [traduz. e introd. di Adriano Pessina]. 260 $aReggio Emilia :$bCittà Armoniosa,$cc1982 (stampa 1983) 300 $a244 p. :$b[1] ritr. ;$c21 cm. 490 0 $aEx Libris ;$v11 500 $aFondo Card. C.M. Martini. 650 4$aMente e corpo - Aspetti filosofici.$0(OLS)http://semarc/subject/18712 650 4$aBergson, Henri <1859-1941> - Opere.$0(OLS)http://semarc/subject/10322 700 1 $aPessina, Adriano.$0(OLS)http://semarc/name/16012 830 0$aEx libris ;$v11.$0(OLS)http://semarc/title/7595 850 $aSeMil 852 $aSeMil$W1$xVenegono$y1$m2P II 158$j68773$B68773$CSeMilBibl$Z2$F98331 $81 941 1 $a4 961 $aOmaggio: Martini Card. Carlo Maria 996 $6020$a88-7001-118-6$9(OLS)http://semarc/number/95869 996 $6245$aMateria e memoria$9(OLS)http://semarc/title/164983 996 $6260$aReggio Emilia :$bCittà Armoniosa$9(OLS)http://semarc/publisher/31502